| 000 | 00552nam a22002057a 4500 | ||
|---|---|---|---|
| 003 | OSt | ||
| 005 | 20160812122904.0 | ||
| 008 | 160812b xxu||||| |||| 00| 0 eng d | ||
| 020 | _a9781405101639 | ||
| 040 | _cDNLM. | ||
| 082 | _aWB460L579t 2004. | ||
| 100 |
_aLevitt,Sophie; _910594 |
||
| 245 | _aTreatment of Celebral Palsy and Motor Delay. | ||
| 250 | _a4th ed. | ||
| 260 |
_aUK. _bBlackwell Publishing. _c2004. |
||
| 300 |
_axvi,319p; _bill; _c26cm. |
||
| 504 | _areferences and index. | ||
| 650 |
_aCelebral Palsy. _910595 |
||
| 942 |
_2z _cO_SHELF |
||
| 999 |
_c4948 _d4948 |
||